Closing the gap
Saved in:
| Hovedforfatter: | |
|---|---|
| Format: | Bog |
| Sprog: | engelsk |
| Udgivet: |
Washington, D.C
Inter-American Development Bank
1997
|
| Fag: | |
| Tags: |
Tilføj Tag
Ingen Tags, Vær først til at tagge denne postø!
|
MARC
| LEADER | 00000nam a2200000 a 4500 | ||
|---|---|---|---|
| 001 | UCN7816 | ||
| 003 | CL-VaPUC | ||
| 008 | 011026e19970100US |||||||||||||||||eng|d | ||
| 082 | 0 | 4 | |a 338.922 |b MAY |2 21 |
| 100 | |a Mayorga, Román |e autor |9 463941 | ||
| 245 | 1 | 0 | |a Closing the gap |
| 300 | |a 52 p | ||
| 942 | |c BK | ||
| 945 | |d 20011026 00:00:00 |a cmena | ||
| 260 | |a Washington, D.C |b Inter-American Development Bank |c 1997 | ||
| 650 | 7 | |a AYUDA INTERNACIONAL |2 CL-VaPUC |9 337089 | |
| 650 | 0 | |a Cooperación internacional |9 255447 | |
| 650 | 0 | |a Desarrollo económico y social |9 256320 | |
| 650 | 0 | |a Países en desarrollo |9 259663 | |
| 650 | 7 | |a DESARROLLO TECNOLOGICO |2 CL-VaPUC |9 259800 | |
| 650 | 0 | |a Desarrollo científico |9 259799 | |
| 583 | |a last modification |c 20011026 00:00:00 |k Rodrigo Vera | ||
| 999 | |c 298013 |d 298011 | ||
| 952 | |0 0 |1 0 |4 0 |6 338_922000000000000_MAY_1997 |7 0 |8 P |9 353127 |a BIBEDU |b BIBEDU |c BIBEDU_PB |d 2019-11-21 |i 3758249 |o 338.922 MAY 1997 |p 3758249 |r 2024-01-25 |w 2019-11-21 |y BK |k BME | ||